000
00203 a2200085 4500
245
_a
A STREETCAR NAMED DESIRE AND OTHER PLAYS
_h
Text
100
_a
TENNESSEE WILLIAMS
650
_a
literature
005
20191017172101.0
084
_a
NONE
999
_c
8407
_d
8407